[Event "Carlsen Inv Prelim"]
[Site "chess24.com INT"]
[Date "2020.04.25"]
[Round "4.3"]
[White "Ding Liren"]
[Black "Giri, A"]
[Result "0-1"]
[WhiteElo "2791"]
[BlackElo "2764"]
[EventDate "2020.04.18"]
[WhiteTitle "GM"]
[BlackTitle "GM"]
[WhiteFideId "8603677"]
[BlackFideId "24116068"]

1.d4 Nf6 2.c4 g6 3.Nf3 Bg7 4.e3 O-O 5.Be2 c5 6.d5 d6 7.Nc3 e6 8.Nd2 Na6 9.
O-O Re8 10.e4 b6 11.dxe6 Bxe6 12.Nb3 Qe7 13.Bf4 Rad8 14.Qd2 Nb4 15.Rad1 
Qb7 16.f3 Qa6 17.a3 Nc6 18.Nb5 Qa4 19.Qc2 Na5 20.N3d4 Qxc2 21.Nxc2 Bxc4 
22.Bxc4 Nxc4 23.b3 a6 24.bxc4 axb5 25.cxb5 d5 26.Ne3 dxe4 27.Bc7 Rd3 28.
Rfe1 Rxa3 29.Nc4 Rb3 30.Nd6 Ra8 31.Bxb6 Nd7 32.Bc7 Bd4+ 33.Kh1 e3 34.Nc4 
Ra4 35.Nd6 Ra2 36.Nc4 Rc2 37.Rc1 Rxc1 38.Rxc1 Rxb5 39.Bf4 e2 40.g4 Nb6 41.
Nd2 Rb2 42.Re1 Nd5 43.Bh6 Nc3 44.Kg2 f5 45.Nc4 Rb4 46.Nd6 fxg4 47.fxg4 Be5
48.Bd2 Bxd6 49.Bxc3 Rxg4+ 50.Kf3 Rh4 0-1

[Event "Carlsen Inv Prelim"]
[Site "chess24.com INT"]
[Date "2020.04.30"]
[Round "7.1"]
[White "Ding Liren"]
[Black "Carlsen, M"]
[Result "1-0"]
[WhiteElo "2791"]
[BlackElo "2863"]
[EventDate "2020.04.18"]
[WhiteTitle "GM"]
[BlackTitle "GM"]
[WhiteFideId "8603677"]
[BlackFideId "1503014"]

1.e4 Nc6 2.Nf3 d5 3.exd5 Qxd5 4.Nc3 Qa5 5.d4 Bg4 6.Bb5 O-O-O 7.Bxc6 bxc6 
8.h3 Qh5 9.Be3 Nf6 10.Qe2 Bxf3 11.gxf3 e6 12.O-O-O Kb7 13.Rhg1 h6 14.Rd3 
Rg8 15.Ne4 Be7 16.Rb3+ Kc8 17.Qa6+ Kd7 18.Rd1 Qxf3 19.Nd2 Qxh3 20.Nc4 Ke8 
21.Ne5 Bd6 22.Nxc6 Ra8 23.Qb7 Kd7 24.Ne5+ Ke7 25.Bf4 Qf5 26.Nc6+ Kd7 27.
Bxd6 Kxd6 28.Ne5 Qf4+ 29.Kb1 Rgf8 1-0

[Event "Carlsen Inv Prelim"]
[Site "chess24.com INT"]
[Date "2020.04.19"]
[Round "1.4"]
[White "Nepomniachtchi, I"]
[Black "Caruana, F"]
[Result "0-1"]
[WhiteElo "2784"]
[BlackElo "2835"]
[EventDate "2020.04.18"]
[WhiteTitle "GM"]
[BlackTitle "GM"]
[WhiteFideId "4168119"]
[BlackFideId "2020009"]

1.e4 e5 2.Nf3 Nc6 3.Bb5 a6 4.Ba4 Nf6 5.O-O Be7 6.d3 d6 7.c3 O-O 8.Nbd2 Re8
9.Re1 Bf8 10.d4 b5 11.Bc2 Bb7 12.b3 b4 13.Bb2 a5 14.d5 Nb8 15.Nc4 c6 16.
dxc6 Nxc6 17.a3 Ba6 18.Ne3 g6 19.Qd2 Qb6 20.h3 Rac8 21.Rad1 Red8 22.c4 
bxa3 23.Bxa3 Nb4 24.Bb1 Bh6 25.Qe2 Bb7 26.Ng4 Nxg4 27.hxg4 Na6 28.Rd3 Nc5 
29.Bxc5 Rxc5 30.Qd1 Bc8 31.Nd2 Be6 32.Ba2 Qb4 33.f3 Rc6 34.g3 Ra8 35.Kg2 
a4 36.Re2 axb3 37.Bxb3 Ra3 38.Nb1 Ra1 39.Rb2 Bxc4 40.Qc2 Kg7 41.Bxc4 Rxc4 
42.Qf2 Qa5 43.Nd2 Rcc1 44.Nb3 Rg1+ 45.Qxg1 Rxg1+ 46.Kxg1 Qe1+ 47.Kh2 Qf1 
48.Rc3 Bg5 49.Rg2 Qe1 50.Rd3 Qb1 51.Rc3 h5 52.gxh5 gxh5 53.Nd2 Qd1 54.Rd3 
Kf8 55.Rf2 h4 56.gxh4 Bxh4 57.Rg2 Ke7 58.Rb3 Qe1 59.Nc4 Bg5 60.Rxg5 Qh4+ 
61.Kg2 Qxg5+ 62.Kf2 Qc1 63.Ne3 Qd2+ 64.Kg3 Ke6 65.Nf5 Qd1 66.Rb2 Qg1+ 67.
Rg2 Qe1+ 68.Kg4 Qc1 69.Ng7+ Kf6 70.Nh5+ Kg6 71.f4 Kh6 72.Kf5 Qc8+ 73.Kf6 
Qe6# 0-1

[Event "Carlsen Inv Prelim"]
[Site "chess24.com INT"]
[Date "2020.04.26"]
[Round "5.1"]
[White "Giri, A"]
[Black "Carlsen, M"]
[Result "1/2-1/2"]
[WhiteElo "2764"]
[BlackElo "2863"]
[EventDate "2020.04.18"]
[WhiteTitle "GM"]
[BlackTitle "GM"]
[WhiteFideId "24116068"]
[BlackFideId "1503014"]

1.d4 d5 2.Nf3 Nf6 3.c4 e6 4.g3 dxc4 5.Bg2 Bb4+ 6.Bd2 a5 7.a3 Bd6 8.Qa4+ 
Bd7 9.Qxc4 Bc6 10.Bg5 Nbd7 11.O-O O-O 12.Nc3 h6 13.Bxf6 Nxf6 14.Rfe1 Bd5 
15.Qd3 Bxf3 16.Bxf3 c6 17.Qc2 Qe7 18.Red1 Rfd8 19.Rac1 g6 20.e3 Kg7 21.Kg2
h5 22.h4 Rac8 23.Qa4 Bc7 24.Qb3 Rb8 25.Rc2 e5 26.dxe5 Bxe5 27.Rcd2 Rxd2 
28.Rxd2 Qc7 29.Ne4 Nxe4 30.Bxe4 Re8 31.Bf3 Re7 32.a4 Rd7 33.Rxd7 Qxd7 34.
Qc2 Qe7 35.b3 Qb4 36.Qd3 Qd6 37.Qxd6 Bxd6 38.Be2 f5 39.Bc4 Kf6 40.Kf3 Bb4 
41.Ke2 Bd6 1/2-1/2

[Event "Carlsen Inv Prelim"]
[Site "chess24.com INT"]
[Date "2020.04.30"]
[Round "7.3"]
[White "Ding Liren"]
[Black "Carlsen, M"]
[Result "1-0"]
[WhiteElo "2791"]
[BlackElo "2863"]
[EventDate "2020.04.18"]
[WhiteTitle "GM"]
[BlackTitle "GM"]
[WhiteFideId "8603677"]
[BlackFideId "1503014"]

1.e4 c5 2.Nf3 Nc6 3.Bb5 h5 4.h3 e6 5.c3 Nf6 6.e5 Nd5 7.d4 cxd4 8.O-O dxc3 
9.Nxc3 Nxc3 10.bxc3 Qc7 11.Re1 b6 12.Ng5 Bb7 13.Qf3 Nxe5 14.Qf4 Bd6 15.
Rxe5 Bxe5 16.Qxf7+ Kd8 17.Ba3 a6 18.Rd1 Kc8 19.Rxd7 Bh2+ 20.Kh1 axb5 21.
Rxc7+ Bxc7 22.Nxe6 Be5 23.Bf8 Bc6 24.Bxg7 Bd6 25.Bxh8 Rxa2 26.Qg8+ Kd7 27.
Nf8+ 1-0

[Event "Carlsen Inv Prelim"]
[Site "chess24.com INT"]
[Date "2020.04.27"]
[Round "5.1"]
[White "Nepomniachtchi, I"]
[Black "Ding Liren"]
[Result "1/2-1/2"]
[WhiteElo "2784"]
[BlackElo "2791"]
[EventDate "2020.04.18"]
[WhiteTitle "GM"]
[BlackTitle "GM"]
[WhiteFideId "4168119"]
[BlackFideId "8603677"]

1.e4 e5 2.Nf3 Nc6 3.Bb5 Nf6 4.d3 Bc5 5.Bxc6 dxc6 6.Nbd2 O-O 7.Qe2 Re8 8.
Nc4 Nd7 9.Bd2 Bf8 10.h4 b5 11.Ne3 Nc5 12.h5 a5 13.g4 Ne6 14.Nf5 a4 15.a3 
c5 16.Rg1 Nf4 17.Bxf4 exf4 18.Qd2 c4 19.Qxf4 Ra6 20.d4 Bb7 21.e5 Qd5 22.
Rg3 c5 23.Ne3 Qe4 24.Qxe4 Bxe4 25.c3 cxd4 26.cxd4 f6 27.g5 Bxf3 28.Rxf3 
fxe5 29.O-O-O e4 30.Rf5 b4 31.axb4 Bxb4 32.Rb5 Bd6 33.Kb1 Rf8 34.Nxc4 Rxf2
35.Re1 Rf4 36.g6 hxg6 37.hxg6 Rf6 38.Rg5 Bc7 39.Rc5 Rac6 40.Rxe4 Rxg6 41.
Re8+ Kf7 42.Rc8 Rxc5 43.dxc5 Bf4 44.c6 Ke7 45.Nb6 Kd6 46.Ka2 Be5 47.Nxa4 
Rg4 48.Ka3 Rc4 49.Nb6 Rxc6 50.Nc4+ Kd5 51.Ne3+ Kd6 52.Nc4+ Kd5 53.Rxc6 
Bxb2+ 54.Kxb2 Kxc6 55.Ne3 g5 56.Kc3 g4 57.Nxg4 1/2-1/2

[Event "Carlsen Inv Prelim"]
[Site "chess24.com INT"]
[Date "2020.04.26"]
[Round "5.4"]
[White "Carlsen, M"]
[Black "Giri, A"]
[Result "1/2-1/2"]
[WhiteElo "2863"]
[BlackElo "2764"]
[EventDate "2020.04.18"]
[WhiteTitle "GM"]
[BlackTitle "GM"]
[WhiteFideId "1503014"]
[BlackFideId "24116068"]

1.e4 c5 2.Nf3 d6 3.d4 cxd4 4.Nxd4 Nf6 5.Nc3 a6 6.Bg5 e6 7.f3 Be7 8.Qd2 O-O
9.O-O-O b5 10.a3 Bb7 11.Kb1 Nbd7 12.Qe1 Rc8 13.h4 Qc7 14.Rh3 Rfe8 15.h5 
Nxe4 16.Bxe7 Nxc3+ 17.bxc3 Rxe7 18.Nf5 exf5 19.Qxe7 Qxc3 20.Bd3 Nc5 21.
Bxf5 Nb3 22.Ka2 Nc1+ 23.Kb1 Nb3 24.Ka2 Nc1+ 25.Kb1 Nb3 1/2-1/2

[Event "Carlsen Inv Prelim"]
[Site "chess24.com INT"]
[Date "2020.04.23"]
[Round "3.5"]
[White "Ding Liren"]
[Black "Vachier Lagrave, M"]
[Result "1-0"]
[WhiteElo "2791"]
[BlackElo "2778"]
[EventDate "2020.04.18"]
[WhiteTitle "GM"]
[BlackTitle "GM"]
[WhiteFideId "8603677"]
[BlackFideId "623539"]

1.d4 d5 2.c4 c6 3.Nf3 Nf6 4.Nc3 Bf5 5.cxd5 Nxd5 6.Qb3 Qb6 7.Nxd5 cxd5 8.
Qxd5 e6 9.Qb3 Nc6 10.e3 Nb4 11.Qa4+ Kd8 12.Bd2 Nc2+ 13.Ke2 Qxb2 14.Ne5 b5 
15.Qa5+ Ke8 16.Qc7 1-0

[Event "Carlsen Inv Prelim"]
[Site "chess24.com INT"]
[Date "2020.04.23"]
[Round "3.1"]
[White "Vachier Lagrave, M"]
[Black "Ding Liren"]
[Result "1/2-1/2"]
[WhiteElo "2778"]
[BlackElo "2791"]
[EventDate "2020.04.18"]
[WhiteTitle "GM"]
[BlackTitle "GM"]
[WhiteFideId "623539"]
[BlackFideId "8603677"]

1.d4 Nf6 2.c4 e6 3.Nc3 Bb4 4.Qc2 d5 5.cxd5 exd5 6.Bf4 O-O 7.e3 c5 8.dxc5 
Bxc5 9.Nf3 Nc6 10.Be2 d4 11.Rd1 Qb6 12.exd4 Nxd4 13.Nxd4 Bxd4 14.O-O Bd7 
15.Qd2 Bxc3 16.Qxc3 Rac8 17.Qa3 a5 18.Be3 Qb4 19.Qxb4 axb4 20.Rd2 Bg4 21.
Bd3 Be6 22.Bb1 b3 23.axb3 Bxb3 24.h3 Nd5 25.Bd4 Rfe8 26.Kh2 Nf4 27.g3 Ng6 
28.f4 h5 29.Bc3 Ne7 30.Be4 Nc6 31.Bf3 b5 32.Rdf2 b4 33.Bxc6 Rxc6 34.Bxb4 
Rc2 35.Rxc2 Bxc2 36.g4 Bd3 37.Rd1 Be2 38.Rg1 Re4 39.Bd6 hxg4 40.hxg4 g5 
41.fxg5 Bxg4 42.b4 Bd7 43.Rg3 Kg7 44.Kg2 f6 45.gxf6+ Kxf6 46.Rc3 1/2-1/2

[Event "Carlsen Inv Prelim"]
[Site "chess24.com INT"]
[Date "2020.04.22"]
[Round "3.2"]
[White "Carlsen, M"]
[Black "Caruana, F"]
[Result "1-0"]
[WhiteElo "2863"]
[BlackElo "2835"]
[EventDate "2020.04.18"]
[WhiteTitle "GM"]
[BlackTitle "GM"]
[WhiteFideId "1503014"]
[BlackFideId "2020009"]

1.d4 Nf6 2.c4 e6 3.Nf3 d5 4.Nc3 dxc4 5.e3 a6 6.a4 c5 7.Bxc4 Nc6 8.O-O cxd4
9.exd4 Be7 10.Be3 O-O 11.Ne5 Bd7 12.Nxd7 Qxd7 13.d5 exd5 14.Nxd5 Nxd5 15.
Qxd5 Qxd5 16.Bxd5 Bf6 17.Rfd1 Rfd8 18.Kf1 Rd7 19.Bf3 Rad8 20.Rxd7 Rxd7 21.
Rc1 Rd6 22.b4 g5 23.Rc5 Nxb4 24.Rc8+ Rd8 25.Rxd8+ Bxd8 26.Bxb7 Kg7 27.Ke2 
a5 28.Kd2 f5 29.Kc3 Kf6 30.Kc4 Bc7 31.h3 g4 32.Kb5 Ke5 33.hxg4 fxg4 34.Bb6
Kd6 35.Bxc7+ Kxc7 36.Be4 h5 37.Kxa5 Na2 38.g3 Nc3 39.Bc2 Ne2 40.Bg6 1-0

[Event "Carlsen Inv Prelim"]
[Site "chess24.com INT"]
[Date "2020.04.23"]
[Round "3.3"]
[White "Giri, A"]
[Black "Nepomniachtchi, I"]
[Result "1/2-1/2"]
[WhiteElo "2764"]
[BlackElo "2784"]
[EventDate "2020.04.18"]
[WhiteTitle "GM"]
[BlackTitle "GM"]
[WhiteFideId "24116068"]
[BlackFideId "4168119"]

1.d4 Nf6 2.c4 g6 3.Nc3 d5 4.cxd5 Nxd5 5.e4 Nxc3 6.bxc3 Bg7 7.Bc4 c5 8.Ne2 
O-O 9.O-O Nc6 10.Be3 b6 11.Rc1 Bb7 12.Bb5 Rc8 13.Qd2 e6 14.Rfd1 cxd4 15.
cxd4 Na5 16.Rxc8 Qxc8 17.Bg5 a6 18.Bd3 Qd7 19.Bh6 Rc8 20.Bxg7 Kxg7 21.h4 
Nc4 22.Bxc4 Rxc4 23.h5 f6 24.Qe3 Qa4 25.Rb1 Qc2 26.Rxb6 Qxe4 27.h6+ Kf7 
28.Nf4 e5 29.dxe5 fxe5 30.Qxe4 Bxe4 31.Nh3 Bd5 32.Ng5+ Ke7 33.Nxh7 Rg4 34.
g3 Rc4 35.Rb1 Rc8 36.Re1 Rh8 37.Rxe5+ Kd6 38.Rg5 Rxh7 39.Rxg6+ Ke5 40.Rxa6
Bf3 41.Kh2 Kf5 42.a4 Kg5 43.Rb6 Ra7 44.Rb3 Bc6 45.Rc3 Bxa4 46.Ra3 Kxh6 47.
f3 1/2-1/2

[Event "Carlsen Inv Prelim"]
[Site "chess24.com INT"]
[Date "2020.04.30"]
[Round "7.2"]
[White "Caruana, F"]
[Black "Giri, A"]
[Result "0-1"]
[WhiteElo "2835"]
[BlackElo "2764"]
[EventDate "2020.04.18"]
[WhiteTitle "GM"]
[BlackTitle "GM"]
[WhiteFideId "2020009"]
[BlackFideId "24116068"]

1.e4 c5 2.Nf3 d6 3.d4 cxd4 4.Nxd4 Nf6 5.Nc3 a6 6.Be3 e5 7.Nf3 Be7 8.Bc4 
Be6 9.Nd2 Nbd7 10.a4 Qc7 11.Bb3 O-O 12.O-O Rac8 13.a5 Nc5 14.h3 Nxb3 15.
cxb3 d5 16.exd5 Nxd5 17.Nxd5 Bxd5 18.Re1 Bb4 19.Bb6 Qc6 20.f3 Rfe8 21.Ra4 
Bxb3 22.Qxb3 Bxd2 23.Rd1 Qc2 24.Qxc2 Rxc2 25.Re4 Rxb2 26.Re2 Bc3 27.Rxb2 
Bxb2 28.Rd7 Bd4+ 29.Bxd4 exd4 30.Rxd4 g5 31.Rd7 Re5 32.Rxb7 Rxa5 33.Kh2 h5
34.h4 gxh4 35.Rb4 Rb5 36.Rxh4 a5 37.Rc4 Rb8 38.Rc5 Ra8 39.Rxh5 a4 40.Kg3 
a3 41.Rh1 a2 42.Ra1 Kg7 43.Kf4 Kf6 44.Ke4 Ra4+ 45.Kd5 Kf5 46.g3 Ra5+ 47.
Kd6 Ra7 48.Kd5 Rd7+ 49.Kc4 Rd2 50.Rh1 Kg5 51.Ra1 Kf5 52.Rh1 Kg5 53.Ra1 f5 
54.g4 f4 55.Rh1 Kg6 56.Ra1 Rf2 57.Kd4 Kg5 58.Ke4 Rb2 59.Kd4 Re2 60.Rh1 Kg6
61.Rc1 Re6 62.Ra1 Ra6 63.Kd3 Ra3+ 64.Ke2 Kf6 65.Kf2 Ke5 66.Kg2 Kd4 67.g5 
Ke5 0-1

[Event "Carlsen Inv Prelim"]
[Site "chess24.com INT"]
[Date "2020.04.21"]
[Round "2.4"]
[White "Caruana, F"]
[Black "Ding Liren"]
[Result "1-0"]
[WhiteElo "2835"]
[BlackElo "2791"]
[EventDate "2020.04.18"]
[WhiteTitle "GM"]
[BlackTitle "GM"]
[WhiteFideId "2020009"]
[BlackFideId "8603677"]

1.e4 e5 2.Nf3 Nc6 3.Bb5 Nf6 4.d3 Bc5 5.Bxc6 dxc6 6.Nbd2 O-O 7.O-O Re8 8.
Kh1 a5 9.Nc4 Nd7 10.a4 b6 11.b3 f6 12.Be3 Bb4 13.Nh4 Nf8 14.Nf5 Ne6 15.Qg4
g6 16.Qg3 Bc3 17.Rad1 Kh8 18.Nh6 Qe7 19.Qh4 Rf8 20.h3 Qg7 21.Ng4 g5 22.Qg3
Nf4 23.Bd2 Ne2 24.Qh2 Bd4 25.Nge3 Be6 26.Rde1 Nf4 27.Qg3 Qg6 28.Qf3 h5 29.
Nf5 g4 30.Qg3 Bxf5 31.exf5 Qxf5 32.Re4 gxh3 33.Bxf4 exf4 34.Qxh3 Qxh3+ 35.
gxh3 c5 36.Rxf4 Kh7 37.Kg2 Rae8 38.Kf3 f5 39.Ne3 Bg7 40.Rg1 Bh6 41.Rh4 f4 
42.Nd5 Re5 43.Nxc7 Rf6 44.c3 Rg6 45.Rd1 Rc6 46.Nb5 Kg6 47.d4 cxd4 48.cxd4 
Rxb5 49.axb5 Rc3+ 50.Ke4 Bg5 51.Rg1 Kh6 52.Rxf4 Bxf4 53.Kxf4 Rxb3 54.d5 a4
55.Rd1 Rb4+ 56.Kf5 Rxb5 57.Ke6 Rb2 58.d6 Re2+ 59.Kd5 Rxf2 60.d7 Rf8 61.Kc6
Kg5 62.d8=Q+ Rxd8 63.Rxd8 Kh4 64.Rd3 1-0

[Event "Carlsen Inv Prelim"]
[Site "chess24.com INT"]
[Date "2020.04.30"]
[Round "7.4"]
[White "Carlsen, M"]
[Black "Ding Liren"]
[Result "0-1"]
[WhiteElo "2863"]
[BlackElo "2791"]
[EventDate "2020.04.18"]
[WhiteTitle "GM"]
[BlackTitle "GM"]
[WhiteFideId "1503014"]
[BlackFideId "8603677"]

1.e4 e5 2.f4 exf4 3.Nf3 Nf6 4.e5 Nh5 5.Qe2 Be7 6.d4 O-O 7.Nc3 d6 8.Bd2 Bg4
9.O-O-O Nd7 10.Qe1 c6 11.Be2 Re8 12.g3 dxe5 13.Nxe5 Nxe5 14.dxe5 f3 15.Bd3
Qd4 16.Qe4 Qxe4 17.Nxe4 f2 18.Rdf1 Bf3 19.g4 Bh4 20.gxh5 Rxe5 21.Ng3 Rae8 
22.Bc3 Bg5+ 23.Kb1 Bxh1 0-1

[Event "Carlsen Inv Prelim"]
[Site "chess24.com INT"]
[Date "2020.04.21"]
[Round "2.1"]
[White "Ding Liren"]
[Black "Caruana, F"]
[Result "1/2-1/2"]
[WhiteElo "2791"]
[BlackElo "2835"]
[EventDate "2020.04.18"]
[WhiteTitle "GM"]
[BlackTitle "GM"]
[WhiteFideId "8603677"]
[BlackFideId "2020009"]

1.Nf3 d5 2.g3 Nc6 3.d4 Bf5 4.Bg2 e6 5.O-O Nb4 6.Na3 Nc6 7.Nb1 Nb4 8.c4 Nc2
9.cxd5 Nxa1 10.dxe6 fxe6 11.e4 Bxe4 12.Nc3 Bxf3 13.Bxf3 Qd7 14.Bxb7 Rb8 
15.Bg2 Nf6 16.Qe2 Be7 17.Bf4 O-O 18.Rxa1 Nd5 19.Nxd5 exd5 20.Rc1 Rb7 21.
Qh5 Rf5 22.Qe2 Rf7 23.h4 c6 24.Bf3 Bf6 25.Bg4 Re7 26.Bxd7 Rxe2 27.Bxc6 
Rbxb2 28.Bxd5+ Kf8 29.Rc7 Bxd4 30.Bd6+ Ke8 31.Bc6+ Kd8 32.Rd7+ Kc8 33.Rc7+
Kd8 34.Rd7+ Kc8 35.Rc7+ Kd8 1/2-1/2

[Event "Carlsen Inv Prelim"]
[Site "chess24.com INT"]
[Date "2020.04.22"]
[Round "3.4"]
[White "Carlsen, M"]
[Black "Caruana, F"]
[Result "1/2-1/2"]
[WhiteElo "2863"]
[BlackElo "2835"]
[EventDate "2020.04.18"]
[WhiteTitle "GM"]
[BlackTitle "GM"]
[WhiteFideId "1503014"]
[BlackFideId "2020009"]

1.e4 e5 2.Nf3 Nc6 3.Nc3 Nf6 4.h3 Bb4 5.Nd5 Bc5 6.Nxf6+ gxf6 7.Bc4 d6 8.d3 
Be6 9.Be3 Qd7 10.Qe2 O-O-O 11.Bxc5 dxc5 12.c3 Bxc4 13.dxc4 f5 14.Rd1 Qxd1+
15.Qxd1 Rxd1+ 16.Kxd1 fxe4 17.Nd2 f5 18.g4 Rf8 19.Ke2 Ne7 20.gxf5 Rxf5 21.
Nxe4 b6 22.Rg1 Ng6 23.Ke3 Kd7 24.Ng5 h6 25.Nf3 Nf4 26.Rg7+ Ke6 27.h4 Kf6 
28.Ke4 Nd3 29.Rf7+ Ke6 30.Re7+ Kf6 31.Rf7+ Ke6 32.Rxf5 Nxf2+ 33.Ke3 Ng4+ 
34.Ke4 Nf2+ 35.Ke3 Ng4+ 36.Ke4 Nf2+ 1/2-1/2

[Event "Carlsen Inv Prelim"]
[Site "chess24.com INT"]
[Date "2020.04.25"]
[Round "4.4"]
[White "Giri, A"]
[Black "Ding Liren"]
[Result "1/2-1/2"]
[WhiteElo "2764"]
[BlackElo "2791"]
[EventDate "2020.04.18"]
[WhiteTitle "GM"]
[BlackTitle "GM"]
[WhiteFideId "24116068"]
[BlackFideId "8603677"]

1.d4 Nf6 2.c4 e6 3.Nf3 d5 4.Nc3 c5 5.cxd5 Nxd5 6.e4 Nxc3 7.bxc3 cxd4 8.
cxd4 Bb4+ 9.Bd2 Bxd2+ 10.Qxd2 O-O 11.Bc4 Nd7 12.O-O b6 13.d5 Nc5 14.Rfe1 
Bb7 15.Rad1 Rc8 16.h4 Qf6 17.Qe3 exd5 18.exd5 a6 19.h5 b5 20.Bf1 h6 21.Rd4
Rfd8 22.Qd2 Rd6 23.Rc1 Qd8 24.Qb4 Na4 25.Rxc8 Bxc8 26.Ne5 Bb7 27.Bc4 Qe7 
28.Bb3 Qxe5 29.Re4 a5 30.Qe1 Qxh5 31.Re8+ Kh7 32.Bc2+ f5 33.Qe5 Rxd5 34.
Qe6 Nc5 35.Qg8+ Kg6 36.Re3 Rd1+ 37.Bxd1 Qxd1+ 38.Kh2 f4 39.Re7 Qh5+ 40.Kg1
Qd1+ 41.Kh2 Qh5+ 42.Kg1 Qd1+ 43.Kh2 1/2-1/2

[Event "Carlsen Inv Prelim"]
[Site "chess24.com INT"]
[Date "2020.04.28"]
[Round "6.2"]
[White "Nepomniachtchi, I"]
[Black "Carlsen, M"]
[Result "1/2-1/2"]
[WhiteElo "2784"]
[BlackElo "2863"]
[EventDate "2020.04.18"]
[WhiteTitle "GM"]
[BlackTitle "GM"]
[WhiteFideId "4168119"]
[BlackFideId "1503014"]

1.e4 Nc6 2.d4 d5 3.e5 Bf5 4.c3 e6 5.Nf3 Qd7 6.Nh4 Be4 7.Nd2 O-O-O 8.Bb5 a6
9.Ba4 f6 10.Nhf3 Nge7 11.O-O Ng6 12.Re1 Bf5 13.b4 fxe5 14.dxe5 b5 15.Bc2 
d4 16.Bxf5 exf5 17.c4 Bxb4 18.cxb5 axb5 19.Rb1 Rhe8 20.a4 Qd5 21.axb5 Bxd2
22.Bxd2 Ncxe5 23.Nxe5 Rxe5 24.b6 Rxe1+ 25.Qxe1 Kd7 26.bxc7 Rc8 27.Rb4 Rxc7
28.Qa1 Ke8 29.Rxd4 Qe6 30.h4 Rd7 31.Qa4 Ne5 32.Bf4 Nc6 33.Rc4 Ne7 34.Rc7 
Nd5 35.Rc6 Qe1+ 36.Kh2 Kf7 37.Qa2 Qe4 38.g3 h6 39.h5 Qf3 40.Kg1 Kg8 41.
Rc8+ Kh7 42.Qa8 Qd1+ 43.Kh2 Qxh5+ 44.Kg1 Qd1+ 45.Kh2 Nxf4 46.Rh8+ Kg6 47.
Qe8+ Kg5 48.gxf4+ Kxf4 49.Rf8 Kg5 50.Qe3+ Kg6 51.Qe6+ Kh7 52.Qg8+ Kg6 53.
Qe6+ Kh7 54.Qg8+ Kg6 55.Qe6+ 1/2-1/2

[Event "Carlsen Inv Prelim"]
[Site "chess24.com INT"]
[Date "2020.04.19"]
[Round "1.1"]
[White "Caruana, F"]
[Black "Nepomniachtchi, I"]
[Result "1/2-1/2"]
[WhiteElo "2835"]
[BlackElo "2784"]
[EventDate "2020.04.18"]
[WhiteTitle "GM"]
[BlackTitle "GM"]
[WhiteFideId "2020009"]
[BlackFideId "4168119"]

1.e4 e6 2.d4 d5 3.Nc3 Bb4 4.e5 c5 5.a3 Bxc3+ 6.bxc3 Ne7 7.h4 Qc7 8.h5 h6 
9.Rb1 b6 10.Qg4 cxd4 11.Qxg7 Rg8 12.Qxh6 Qxe5+ 13.Ne2 dxc3 14.Qf4 Qxf4 15.
Bxf4 Nbc6 16.Nxc3 e5 17.Bd2 Bf5 18.f3 Rd8 19.Kf2 f6 20.Bd3 Kf7 21.g4 Bxd3 
22.cxd3 Nd4 23.Rhc1 Rc8 24.Ne2 Ne6 25.Nc3 f5 26.Nb5 Rxc1 27.Rxc1 fxg4 28.
Rg1 gxf3 29.Nd6+ Kf6 30.Rxg8 Nxg8 31.Kxf3 Nd4+ 32.Kf2 Ke6 33.Ne8 Nf6 34.h6
Nf5 35.Ke2 Kf7 36.Nc7 Kg6 37.h7 Kxh7 38.Bg5 Nd4+ 39.Kd1 Kg6 40.Bxf6 Kxf6 
41.Nxd5+ Ke6 42.Nc3 b5 43.Kd2 a5 44.Ne4 Kd5 45.Kc3 Ne2+ 46.Kd2 Nf4 47.Ng5 
Ne6 48.Ne4 Nc5 49.Nc3+ Kc6 50.Ne2 Ne6 51.Nc3 b4 52.axb4 axb4 53.Ne4 Nc5 
54.Nf6 Nb3+ 55.Kc2 Nd4+ 56.Kd2 Nf3+ 57.Kc2 Kc5 58.Nd7+ Kc6 59.Nf6 Ne1+ 60.
Kd2 Ng2 61.Kc2 Ne3+ 62.Kb3 Kb5 63.Nd7 Ng4 64.Kc2 Kc6 65.Nb8+ Kc5 66.Kb3 
Kd4 67.Nc6+ Kxd3 68.Nxe5+ Nxe5 69.Kxb4 1/2-1/2

[Event "Carlsen Inv Prelim"]
[Site "chess24.com INT"]
[Date "2020.04.27"]
[Round "5.3"]
[White "Nepomniachtchi, I"]
[Black "Ding Liren"]
[Result "1-0"]
[WhiteElo "2784"]
[BlackElo "2791"]
[EventDate "2020.04.18"]
[WhiteTitle "GM"]
[BlackTitle "GM"]
[WhiteFideId "4168119"]
[BlackFideId "8603677"]

1.e4 e5 2.Nf3 Nc6 3.Bb5 Nf6 4.d3 Bc5 5.Bxc6 dxc6 6.Nbd2 O-O 7.Nc4 Re8 8.a4
a5 9.Bd2 b6 10.Bc3 Ng4 11.O-O f6 12.Bd2 g5 13.h3 Nh6 14.h4 Nf7 15.hxg5 
fxg5 16.Nh2 Re6 17.Ne3 Rg6 18.Nf5 Bxf5 19.exf5 Rf6 20.Qg4 h6 21.Qh3 Qd7 
22.Ng4 Rxf5 23.Nf6+ 1-0

[Event "Carlsen Inv Prelim"]
[Site "chess24.com INT"]
[Date "2020.04.29"]
[Round "6.2"]
[White "Vachier Lagrave, M"]
[Black "Caruana, F"]
[Result "1/2-1/2"]
[WhiteElo "2778"]
[BlackElo "2835"]
[EventDate "2020.04.18"]
[WhiteTitle "GM"]
[BlackTitle "GM"]
[WhiteFideId "623539"]
[BlackFideId "2020009"]

1.d4 d5 2.c4 e6 3.Nc3 Be7 4.cxd5 exd5 5.Bf4 c6 6.e3 Bf5 7.h4 Nf6 8.Nge2 
Ne4 9.Nxe4 Bxe4 10.f3 Bf5 11.g4 Be6 12.Bg3 O-O 13.Rc1 Nd7 14.Nf4 c5 15.Be2
Rc8 16.Kf2 Qb6 17.Qd2 cxd4 18.exd4 Bb4 19.Qd3 Ne5 20.Qe3 Nc4 21.Bxc4 dxc4 
22.Kg2 Rfe8 23.Qf2 Bd6 24.Rhe1 Bxf4 25.Bxf4 f6 26.d5 Qxf2+ 27.Kxf2 Bxd5 
28.Rxe8+ Rxe8 29.Rd1 Be6 30.Rd4 Kf7 31.Bd2 Rc8 32.a3 Ke8 33.Bc3 Rc5 34.Re4
Kf7 35.h5 Rd5 36.Rxc4 Rd2+ 37.Bxd2 Bxc4 38.Bc3 a6 39.Kg3 Bd5 40.Kf4 Bc6 
41.Kg3 1/2-1/2

[Event "Carlsen Inv Prelim"]
[Site "chess24.com INT"]
[Date "2020.04.30"]
[Round "7.2"]
[White "Carlsen, M"]
[Black "Ding Liren"]
[Result "1-0"]
[WhiteElo "2863"]
[BlackElo "2791"]
[EventDate "2020.04.18"]
[WhiteTitle "GM"]
[BlackTitle "GM"]
[WhiteFideId "1503014"]
[BlackFideId "8603677"]

1.e4 c5 2.f4 g6 3.Nf3 Bg7 4.c3 Nf6 5.d3 Nc6 6.Be2 O-O 7.O-O b5 8.a3 d6 9.
Kh1 a5 10.Be3 Bb7 11.Nbd2 b4 12.Qc2 e6 13.axb4 axb4 14.Rxa8 Qxa8 15.Nc4 
Qb8 16.e5 Nd5 17.Bg1 dxe5 18.Bxc5 Nxf4 19.Bxf8 Bxf8 20.Re1 g5 21.Bf1 f6 
22.Qf2 Ne7 23.Nfd2 Nf5 24.Ne4 Qd8 25.Qb6 Qxb6 26.Nxb6 Kg7 27.Nc4 Nh4 28.
Ra1 Kg6 29.Ra7 Bd5 30.g3 f5 31.Nxe5+ Kh6 32.c4 1-0

[Event "Carlsen Inv Prelim"]
[Site "chess24.com INT"]
[Date "2020.04.23"]
[Round "3.4"]
[White "Nepomniachtchi, I"]
[Black "Giri, A"]
[Result "1/2-1/2"]
[WhiteElo "2784"]
[BlackElo "2764"]
[EventDate "2020.04.18"]
[WhiteTitle "GM"]
[BlackTitle "GM"]
[WhiteFideId "4168119"]
[BlackFideId "24116068"]

1.e4 c5 2.Nf3 d6 3.Bb5+ Nd7 4.d4 cxd4 5.Qxd4 a6 6.Bxd7+ Bxd7 7.O-O Nf6 8.
c4 g6 9.Nc3 Bg7 10.Bg5 O-O 11.Rad1 h6 12.Bxf6 Bxf6 13.e5 Bg7 14.Qe3 Bc6 
15.exd6 exd6 16.Nd4 Re8 17.Nxc6 bxc6 18.Qd3 Qa5 19.Qxd6 Bxc3 20.bxc3 Qxa2 
21.Qxc6 Rac8 22.Ra1 Qxf2+ 23.Rxf2 Rxc6 24.Rfa2 Ree6 25.Ra4 h5 26.c5 Kf8 
27.Rc4 Ke7 28.Rb1 Rc7 29.Rb8 Rec6 30.Ra8 Rxc5 31.Re4+ Kf6 32.Rxa6+ Kg7 33.
Re3 Rxc3 34.Rxc3 Rxc3 35.h4 Rc4 36.g3 Rc2 37.Rb6 Kf8 38.Ra6 Ke7 39.Rb6 Rd2
40.Ra6 f6 41.Rb6 Rd6 42.Rb5 Ke6 43.Kf2 Rd5 44.Rb4 Kf5 45.Rf4+ Ke5 46.Ra4 
Rb5 47.Rc4 g5 48.hxg5 fxg5 49.Ra4 Rd5 50.Rb4 g4 51.Rb2 Ke4 52.Re2+ Kd3 53.
Re8 Rf5+ 54.Kg2 Rc5 55.Rd8+ Ke4 56.Re8+ Re5 57.Ra8 Rc5 58.Re8+ Kf5 59.Rf8+
Kg6 60.Rg8+ Kf7 61.Ra8 Rc2+ 62.Kg1 Re2 63.Ra5 Kg6 64.Rb5 Re6 65.Kg2 Rf6 
66.Rb8 Re6 67.Rb5 Rd6 68.Ra5 Rf6 69.Ra8 Kg5 70.Rg8+ Rg6 71.Ra8 Re6 72.Ra5+
Kg6 73.Rb5 1/2-1/2